The Eye and seeing

Bibliographic Details
Main Author: Parker, Steve
Format: Book
Published: London : Franklin Watts , 1989
Series:The human body
Subjects:

MARC

LEADER 00000cam a2200000 7i4500
001 0000005558
002 000006010
005 .0
020 |a 0863137393 
090 0 0 |a JR 611   |b HUM 
100 1 |a Parker, Steve 
245 1 4 |a The Eye and seeing   |c Steve Parker 
260 |a London :   |b Franklin Watts ,   |c 1989 
300 |a 48p. :   |b ill. ;   |c 27cm. 
490 0 |a The human body 
650 0 0 |a Eyes   |x Juvenile literature 
999 |a 016266   |b BUKU   |c JUNIOR REFERENCE   |e PERPUSTAKAAN KOMUNITI PETALING JAYA